| 000 | 00945cab a2200301 4500 | ||
|---|---|---|---|
| 001 | ABS44265 | ||
| 008 | 090401t1991 xxu||||| |||| 00| 0 eng d | ||
| 035 | _a(Sirsi) u46245 | ||
| 041 | _aeng | ||
| 100 | _aGready, P. | ||
| 245 | _aLetting empty farmhouses and cottages | ||
| 260 | _c1991 | ||
| 350 | _a0 | ||
| 490 |
_aCountry Landowner _vMarch 1991, 24-25(2) |
||
| 520 | _aAdvises on the letting of farmhouses and cottage s to tenants highlighting the benefits of assured shorthold tenancies under the Housing Act 1988. | ||
| 650 | _aHOLIDAY LETS | ||
| 650 | _aHOUSING ACT 1980 | ||
| 650 | _aHOUSING SHORTAGE | ||
| 650 | _aLETTING AGREEMENT | ||
| 650 | _aOPEN MARKET RENT | ||
| 650 | _aRENTAL LEVELS | ||
| 650 | _aRURAL HOUSING | ||
| 650 | _aSAVILLS | ||
| 650 | _aSECURITY OF TENURE | ||
| 690 | _aPROPERTY-RESIDENTIAL PROPERTY-RESIDENTIAL LANDLORD AND TENANT-RESIDENTIAL TENANCIES | ||
| 942 | _n0 | ||
| 948 | _c04/03/1997 | ||
| 999 |
_c29263 _d29263 |
||